000 00630nam a2200229Ia 4500
003 GCL
008 140319s9999 xx 000 0 eng d
020 _a1857151216
040 _aGCL /
_cGCL
082 0 4 _a355.02
_bC O
100 1 _aHOWARD, MICHAEL
245 1 0 _aON WAR /
_cHOWARD, MICHAEL
700 1 _aCLAUSEWITZ, CARL VON
700 1 _aPARET, PETER
260 _aانجلترا :
_bEVERYMAN'S LIBRARY ،
_c1993
300 _a21 CM ؛
_cXLI, 870 P
490 _aTHE MILLENNIUM LIBRARY
_v121
650 0 4 _aMILITARY SCIENCE
650 0 4 _aWAR
650 0 4 _aMILITRAY ART AND SCIENCE - ECONOMIC ASPECTS
942 _2ddc
_cBK
999 _c6188
_d6188